| 000 | 00454nam a22001697a 4500 | ||
|---|---|---|---|
| 003 | NUST - PNEC | ||
| 005 | 20170116181120.0 | ||
| 008 | 151004b xxu||||| |||| 00| 0 eng d | ||
| 040 | _cLIBRARY | ||
| 082 | _a658.5 BET | ||
| 100 |
_913444 _aBethel, Lawrence L. |
||
| 245 |
_aIndustrial organization and management _cLawrence L. Bethel |
||
| 250 | _a4th ed. | ||
| 260 | _c1962 | ||
| 650 |
_912928 _aIndustrial organization _xME, IME |
||
| 942 |
_2ddc _cBK |
||
| 999 |
_c69523 _d69523 |
||